Comentari de text
Publicado:
Barcelona :
Diputació de Barcelona. Àrea d'Educació. Gerència de Serveis d'Educació, Centre de Formació d'Adults Can Batlló ,
2009
Descripción Física:
133 p. ; 29 cm
Materias:
Literatura -- Comentari de textos
MARC
| LEADER | 00000nam a2200000Ia 4500 | ||
|---|---|---|---|
| 001 | 22200 | ||
| 008 | 160829s2009- xx 000 0 cat d | ||
| 080 | |a E-1-364 | ||
| 245 | |a Comentari de text | ||
| 260 | |a Barcelona : |b Diputació de Barcelona. Àrea d'Educació. Gerència de Serveis d'Educació, Centre de Formació d'Adults Can Batlló, |c 2009- | ||
| 300 | |a 133 p. ; |c 29 cm | ||
| 590 | |a Curs d'accés a la universitat per a més grans de 25 anys, ciències, ciències de la salut, enginyeria i arquitectura. Curs d'accés a la universitat per a més grans de 45 anys | ||
| 650 | |a Literatura |x Comentari de textos |9 38327 | ||
| 710 | |a Barcelona (Catalunya : Província). |b Gerència de Serveis d'Educació |9 52167 | ||
| 710 | 2 | |a Centre de Formació d'Adults Can Batlló |9 55011 | |
| 866 | |a Curs: 2009 - 2010 | ||
| 901 | |a Arxiu | ||
| 942 | |n 1 | ||
| 952 | |0 0 |1 0 |4 0 |6 E1364 |7 1 |9 48374 |a Arxiu |b Arxiu |d 2016-12-01 |l 0 |o E-1-364 |p 22200 |r 2016-12-01 00:00:00 |w 2016-12-01 |y ARXIU | ||
| 999 | |c 52180 |d 52180 | ||